Look! I can read! / by Susan Hood ; illustrated by ... Read More
Available copies
- 2 of 2 copies available at LARL/NWRL Consortium.
Current holds
0 current holds with 2 total copies.
Show Only Available Copies
| Location | Call Number / Copy Notes | Barcode | Shelving Location | Status | Due Date |
|---|---|---|---|---|---|
| Godel Memorial-Warren Library | Guided Reading E-8 (Text) | 35500001929759 | Main | Available | - |
| Red Lake Falls Public Library | Guided Reading E-6 (Text) | 35500001908308 | Main | Available | - |
Record details
- ISBN: 043926720X
- ISBN: 0448422824 (GB)
- ISBN: 044841967X (pbk.)
- Physical Description: 32 p. : col. ill. ; 24 cm.
- Publisher: New York : Grosset & Dunlap, c2000.
Content descriptions
| Summary, etc.: | A young girl demonstrates to her mother and father ... Read More |
Search for related items by subject
| Subject: | Reading > Juvenile fiction. African Americans > Juvenile fiction. Stories in rhyme > Juvenile fiction. |
Search for related items by series
| LDR | 02076cam a2200385Ia 4500 | ||
|---|---|---|---|
| 001 | 33136 | ||
| 003 | LARL_NWRL_CONSORTIUM | ||
| 005 | 20010316143040.0 | ||
| 008 | 000316s2000 nyua b 000 1 eng | ||
| 020 | . | ‡a043926720X | |
| 020 | . | ‡a0448422824 (GB) | |
| 020 | . | ‡a044841967X (pbk.) | |
| 035 | . | ‡a(OCoLC)43810892 | |
| 082 | 0 | 0. | ‡a[E] ‡221 |
| 099 | . | ‡aH | |
| 100 | 1 | . | ‡aHood, Susan, ‡d1954- ‡0(LARL_NWRL_CONSORTIUM)116041 |
| 245 | 1 | 0. | ‡aLook! I can read! / ‡cby Susan Hood ; illustrated by Amy Wummer. |
| 260 | . | ‡aNew York : ‡bGrosset & Dunlap, ‡cc2000. | |
| 300 | . | ‡a32 p. : ‡bcol. ill. ; ‡c24 cm. | |
| 490 | 0 | . | ‡aAll aboard reading. Level 1 |
| 520 | . | ‡aA young girl demonstrates to her mother and father how well she has learned to read. | |
| 650 | 0. | ‡aReading ‡vJuvenile fiction. | |
| 650 | 0. | ‡aAfrican Americans ‡vJuvenile fiction. ‡0(LARL_NWRL_CONSORTIUM)163089 | |
| 650 | 0. | ‡aStories in rhyme ‡vJuvenile fiction. | |
| 700 | 1 | . | ‡aWummer, Amy. ‡0(LARL_NWRL_CONSORTIUM)114037 |
| 901 | . | ‡a33136 ‡bOCLC ‡c33136 ‡tbiblio | |

Add to basket
Permalink
Disable Highlighting